| 000 | 00330nam a22001337a 4500 | ||
|---|---|---|---|
| 008 | 171107b xxu||||| |||| 00| 0 eng d | ||
| 020 | _a9780135704257 | ||
| 041 | _aeng | ||
| 080 |
_24TH _a330.722.6 |
||
| 100 | _a62 | ||
| 101 | _aKON | ||
| 245 |
_aCASES IN MANAGEMENT ACCOUNTING AND CONTROL SYSTEMS _cALLEN.B.R |
||
| 942 |
_2udc _cBK |
||
| 999 |
_c37978 _d37978 |
||